| 000 | 00533nam a2200145 a 4500 | ||
|---|---|---|---|
| 008 | 120416s1974 ||||||||||||||||| || u | ||
| 050 | _aHN 110.Q4 Que | ||
| 100 | _aRoussopoulos, Dimitrios I | ||
| 245 | 1 | 0 | _aQuebec and radical social change |
| 246 | _aEd. by Dimitrios I. Roussopoulos | ||
| 260 |
_aMontreal _bBlack Rose Books _c1974 |
||
| 300 | _a216p. | ||
| 350 | _a0.00 | ||
| 995 |
_D0.00 _FCBU-MAIN LIBRARY (Kitwe) _H1 _I0.00 _M1 _UAVAILABLE _ZAnnex Low-Usage Collection |
||
| 999 |
_c55500 _d55500 |
||